000 00959nam a2200265 4500
003 DO-SdBNP
005 20211228101535.0
007 ta
008 210903e2007 ao||gr|||| 00| 0 spa
040 _aDO-SdBNP
_bspa
_cBNPHU
082 4 _222
_bR426p
_a528.907293
110 1 _955493
_aRepública Dominicana. Suprema Corte de Justicia
245 1 _aPor la patria /
_cSuprema Corte de Justicia
260 _aSanto Domingo :
_bLa Unión,
_c2007.
300 _a78 p. :
_bil.; fot.
_c21 cm.
590 _aInventariado, 2021 S/A
650 4 0 _aCuadros, ilustraciones
_zRepública Dominicana
_980893
650 4 0 _aLibros de láminas
_xBanderas
_zRepública Dominicana
_980894
650 4 0 _aEscudos Nacionales
_zRepública Dominicana
_955100
700 1 _aGuillén, Marlene
_eRedacción
_eRecopilación
_979744
700 1 _aViteri, Jacqueline
_eRedacción
_eRecopilación
_955249
700 1 _aVidal, Fior
_eFotografía
_974922
910 _aSaquino
942 _2ddc
_cLBS1
999 _c50410
_d50410